000 00999nam a2200325 i 4500
001 000034472
003 DO-SdBNP
005 20251209082927.0
007 ta
008 111004s20092010dr 000 0 spa d
020 _z416049
040 _aDO-SdBNP
_bspa
_cBNPHU
_erda
041 _aspa
082 4 _axxx
_bC257f
_222
100 1 _aCaraballo, José
_eautor
_959903
245 1 0 _aFundamentos de contabilidad general /
_cJosé Caraballo, Víctor Naut.
250 _aSegunda edición
264 _aSanto Domingo :
_bEdiciones Unicaribe,
_c2009
300 _avolumen. :
_bilustraciones ;
_c24 cm.
336 _ardacontent
_btexto
_2txt
337 _ardamedia
_bsin mediación
_2n
338 _ardacarrier
_bvolumen
_2nc
504 _aBibliografía: páginas 189-193
_bvolumen 1
504 _aBibliografía: páginas 201-203
_bvolumen 2
504 _aBibliografía: páginas 257-260
590 _aInventariado, 2025/DG
700 1 _aNaut, Víctor
_959904
910 _aDG
942 _2ddc
_cLBS1
999 _c33963
_d33963